[Event "Sharjah Cup (Women) 9th"]
[Site "Sharjah"]
[Date "2018.12.18"]
[Round "7"]
[White "Nass, Sara"]
[Black "Berke, Ana"]
[Result "0-1"]
[WhiteElo "1840"]
[BlackElo "2151"]
[PlyCount "50"]
[EventDate "2018.12.14"]
[EventType "swiss"]
[EventRounds "9"]
[EventCountry "UAE"]
[SourceTitle "CBM 187 Extra"]
[Source "ChessBase"]
[SourceDate "2018.11.04"]
[SourceVersion "1"]
[SourceVersionDate "2018.11.04"]
[SourceQuality "1"]

1. e4 c5 2. Nf3 d6 3. d4 cxd4 4. Nxd4 Nf6 5. Nc3 Nc6 6. Be3 Ng4 7. Bg5 h6 8. Bh4 g5 9. Bg3 Bg7 10. Nf5 Bxf5 11. exf5 Qa5 12. Qd2 Qxf5 13. f3 Qe6+ 14. Kd1 Ne3+ 15. Kc1 Nxf1 16. Rxf1 0-0 17. Nd5 Rac8 18. Re1 Qd7 19. f4 g4 20. Bh4 Rfe8 21. c3 b5 22. Kd1 b4 23. cxb4 Nd4 24. Nc3 Rc4 25. b5 Nf3 0-1

[Event "Wch U18 Girls"]
[Site "Porto Carras"]
[Date "2018.10.29"]
[Round "10.29"]
[White "Abeysinghe, HMH Janandani"]
[Black "Nass, Sara"]
[Result "1-0"]
[WhiteElo "1698"]
[BlackElo "1986"]
[PlyCount "49"]
[EventDate "2018.10.20"]
[EventType "swiss"]
[EventRounds "11"]
[EventCountry "GRE"]
[SourceTitle "CBM 187 Extra"]
[Source "ChessBase"]
[SourceDate "2018.11.04"]
[SourceVersion "1"]
[SourceVersionDate "2018.11.04"]
[SourceQuality "1"]

1. e4 c6 2. d4 d5 3. exd5 cxd5 4. c4 Nf6 5. Nc3 e6 6. c5 Nc6 7. Bb5 Bd7 8. Bf4 Be7 9. Nf3 0-0 10. 0-0 Ne4 11. Bxc6 Nxc3 12. Qc2 Bxc6 13. Qxc3 Bb5 14. Rfe1 a5 15. a3 a4 16. b4 axb3 17. Qxb3 Qa5 18. Reb1 Bc6 19. Ne5 Bf6 20. Nf3 Qa4 21. Qd3 Ra5 22. Qc3 Rfa8 23. Rb4 Qxa3 24. Rxa3 Rxa3 25. Qc1 1-0

[Event "Wch U18 Girls"]
[Site "Porto Carras"]
[Date "2018.10.21"]
[Round "2"]
[White "Chitlange, Sakshi"]
[Black "Nass, Sara"]
[Result "1-0"]
[WhiteElo "2237"]
[BlackElo "1986"]
[PlyCount "47"]
[EventDate "2018.10.20"]
[EventType "swiss"]
[EventRounds "11"]
[EventCountry "GRE"]
[SourceTitle "CBM 187 Extra"]
[Source "ChessBase"]
[SourceDate "2018.11.04"]
[SourceVersion "1"]
[SourceVersionDate "2018.11.04"]
[SourceQuality "1"]

1. d4 d5 2. c4 e6 3. Nc3 Nf6 4. Bg5 c6 5. cxd5 exd5 6. Qc2 Be7 7. e3 Nbd7 8. Bd3 0-0 9. Nf3 Re8 10. 0-0 g6 11. Bf4 Nf8 12. Rab1 a5 13. a3 Ne6 14. Be5 Nd7 15. Bg3 b5 16. e4 dxe4 17. Bxe4 Ra6 18. Rbd1 f5 19. Bxc6 Rxc6 20. d5 Rxc3 21. Qxc3 Bf6 22. Qc6 Nec5 23. Bc7 Qe7 24. Bd6 1-0

[Event "Wch U20 Girls 36th"]
[Site "Manavgat"]
[Date "2018.09.12"]
[Round "8"]
[White "Dwilewicz, Katarzyna"]
[Black "Nass, Sara"]
[Result "1-0"]
[WhiteElo "2081"]
[BlackElo "1888"]
[PlyCount "133"]
[EventDate "2018.09.05"]
[EventType "swiss"]
[EventRounds "11"]
[EventCountry "TUR"]
[SourceTitle "CBM 186 Extra"]
[Source "ChessBase"]
[SourceDate "2018.08.24"]
[SourceVersion "1"]
[SourceVersionDate "2018.08.24"]
[SourceQuality "1"]

1. e4 c6 2. d4 d5 3. e5 Bf5 4. h4 h5 5. Bd3 Bxd3 6. Qxd3 e6 7. Bg5 Be7 8. Nf3 Nd7 9. Nbd2 Nh6 10. c4 Nf5 11. cxd5 cxd5 12. g3 f6 13. exf6 gxf6 14. Bf4 Bd6 15. Bxd6 Nxd6 16. Qg6+ Ke7 17. 0-0 Qg8 18. Qd3 Nf5 19. Kh2 Qg4 20. Rfe1 Rhg8 21. Rac1 Nd6 22. Qa3 Rgc8 23. Kg2 Rxc1 24. Rxc1 e5 25. dxe5 fxe5 26. Rc7 Qe6 27. Rxb7 a5 28. Ng5 Qf5 29. Rc7 Rf8 30. Qf3 e4 31. Qxf5 Nxf5 32. Nf1 Rb8 33. Rc2 Kd6 34. b3 Ke5 35. Re2 Nc5 36. Nd2 a4 37. bxa4 Nxa4 38. Ndxe4 Rb2 39. Rxb2 Nxb2 40. Nd2 d4 41. Nh3 d3 42. Nf4 Ng7 43. a4 Nxa4 44. Nxd3+ Kf6 45. Kf3 Nb6 46. Ke4 Nd7 47. Nf3 Ke6 48. Nd4+ Kf6 49. Nf4 Nc5+ 50. Kd5 Na4 51. Kd6 Nb2 52. Nde6 Nxe6 53. Nxe6 Nd3 54. f3 Kg6 55. Kd5 Nf2 56. Ke5 Nh1 57. Nf4+ Kh6 58. Ne2 Kg6 59. f4 Nf2 60. f5+ Kg7 61. Nf4 Ng4+ 62. Ke6 Nf6 63. Ke7 Ng8+ 64. Ke6 Nf6 65. Nd5 Ne4 66. f6+ Kf8 67. Nf4 1-0

[Event "Wch U20 Girls 36th"]
[Site "Manavgat"]
[Date "2018.09.10"]
[Round "6"]
[White "Nass, Sara"]
[Black "Santeramo, Alessia Carmen"]
[Result "1-0"]
[WhiteElo "1888"]
[BlackElo "2124"]
[PlyCount "71"]
[EventDate "2018.09.05"]
[EventType "swiss"]
[EventRounds "11"]
[EventCountry "TUR"]
[SourceTitle "CBM 186 Extra"]
[Source "ChessBase"]
[SourceDate "2018.08.24"]
[SourceVersion "1"]
[SourceVersionDate "2018.08.24"]
[SourceQuality "1"]

1. e4 c5 2. Nf3 g6 3. d4 cxd4 4. Nxd4 Bg7 5. Nc3 Nc6 6. Be3 Nf6 7. f3 Qb6 8. Na4 Qa5+ 9. c3 d6 10. Bb5 Bd7 11. 0-0 0-0 12. b4 Qd8 13. Bxc6 bxc6 14. Nb2 a5 15. a3 e5 16. Nb3 axb4 17. axb4 Be6 18. Na5 Qc7 19. Nac4 d5 20. Nd2 Nd7 21. Na4 f5 22. Nc5 Nxc5 23. Bxc5 Rfd8 24. Qc2 Bh6 25. exd5 Bxd5 26. Nb3 Bc4 27. Rfd1 Rxa1 28. Rxa1 Qf7 29. Na5 Rd2 30. Qb1 Ba2 31. Qe1 Qd5 32. c4 Bxc4 33. Nxc4 Qxc4 34. Qxe5 Rd8 35. Bb6 Rf8 36. Bd4 1-0

[Event "NOR-ch U20"]
[Site "Sarpsborg"]
[Date "2018.07.12"]
[Round "7"]
[White "Nass, Sara"]
[Black "Oieroset, Henrik"]
[Result "0-1"]
[WhiteElo "1963"]
[BlackElo "1685"]
[PlyCount "90"]
[EventDate "2018.07.07"]
[EventType "swiss"]
[EventRounds "9"]
[EventCountry "NOR"]
[SourceTitle "EXT 2024"]
[Source "ChessBase"]
[SourceDate "2023.10.10"]
[SourceVersion "1"]
[SourceVersionDate "2023.10.10"]
[SourceQuality "1"]

1. e4 e6 2. d4 d5 3. Nc3 Nf6 4. e5 Nfd7 5. f4 c5 6. Nf3 Nc6 7. Ne2 Be7 8. c3 0-0 9. Be3 b6 10. Ng3 f6 11. Bb5 Qc7 12. 0-0 a6 13. Ba4 b5 14. Bc2 c4 15. exf6 Nxf6 16. Ne5 a5 17. a3 Bb7 18. Nh5 Bd6 19. Qf3 Ne7 20. Qh3 Nxh5 21. Qxh5 Nf5 22. g4 g6 23. Qh3 Nxe3 24. Qxe3 Bxe5 25. dxe5 Rf7 26. Qd4 Raf8 27. Rf3 Qe7 28. Raf1 Bc6 29. Rg3 Qa7 30. Qxa7 Rxa7 31. f5 Raf7 32. f6 b4 33. g5 bxa3 34. bxa3 Rb8 35. h4 Be8 36. h5 Rfb7 37. Rgf3 gxh5 38. f7+ Rxf7 39. Rxf7 Bxf7 40. Bxh7+ Kxh7 41. Rxf7+ Kg6 42. Rf6+ Kxg5 43. Rxe6 Kf5 44. Ra6 Kxe5 45. Rxa5 Rb3 0-1

[Event "Nordic-ch U20"]
[Site "Heinola"]
[Date "2018.02.10"]
[Round "4"]
[White "Haug, Johannes"]
[Black "Nass, Sara"]
[Result "1-0"]
[WhiteElo "2355"]
[BlackElo "1966"]
[PlyCount "39"]
[EventDate "2018.02.09"]
[EventType "swiss"]
[EventRounds "6"]
[EventCountry "FIN"]
[SourceTitle "EXT 2019"]
[Source "ChessBase"]
[SourceDate "2018.10.10"]
[SourceVersion "1"]
[SourceVersionDate "2018.10.10"]
[SourceQuality "1"]

1. d4 d5 2. Nf3 Nf6 3. Bf4 e6 4. e3 c5 5. c3 Nc6 6. Nbd2 Be7 7. Bd3 0-0 8. h3 a6 9. 0-0 b5 10. dxc5 Bxc5 11. e4 Bb7 12. e5 Nd7 13. Bxh7+ Kxh7 14. Ng5+ Kg8 15. Qh5 Re8 16. Qxf7+ Kh8 17. Qh5+ Kg8 18. Qh7+ Kf8 19. Qh8+ Ke7 20. Qxg7# 1-0

[Event "Nordic-ch U20"]
[Site "Heinola"]
[Date "2018.02.09"]
[Round "2"]
[White "Bo, Rani I"]
[Black "Nass, Sara"]
[Result "0-1"]
[WhiteElo "1745"]
[BlackElo "1966"]
[PlyCount "116"]
[EventDate "2018.02.09"]
[EventType "swiss"]
[EventRounds "6"]
[EventCountry "FIN"]
[SourceTitle "EXT 2019"]
[Source "ChessBase"]
[SourceDate "2018.10.10"]
[SourceVersion "1"]
[SourceVersionDate "2018.10.10"]
[SourceQuality "1"]

1. d4 d5 2. c4 c6 3. Nf3 Nf6 4. Nc3 e6 5. e3 Nbd7 6. cxd5 exd5 7. Bd3 Bd6 8. 0-0 0-0 9. Bd2 Re8 10. Re1 Ne4 11. Rc1 Ndf6 12. h3 Nxc3 13. bxc3 b5 14. a4 a6 15. Ra1 Bb7 16. Bc1 Ne4 17. Qc2 Qe7 18. Nd2 Qh4 19. Bxe4 dxe4 20. Ba3 Rad8 21. Bxd6 Rxd6 22. Nf1 Rg6 23. Ng3 Qg5 24. Qe2 Qd5 25. c4 Qd7 26. axb5 cxb5 27. cxb5 axb5 28. Rec1 Bd5 29. Qc2 Rc6 30. Qb1 Rxc1+ 31. Qxc1 Bc4 32. Qb2 h6 33. Ne2 Qd6 34. Rc1 Ra8 35. Rc2 Ra2 36. Qb1 Rxc2 37. Qxc2 Qa3 38. Ng3 Qd3 39. Qb2 Qd1+ 40. Kh2 Bd3 41. Qc3 Qc2 42. Ne2 b4 43. Qxc2 Bxc2 44. Nc1 b3 45. Nxb3 Bxb3 46. f3 f5 47. Kg3 exf3 48. gxf3 Kf7 49. Kf4 Kf6 50. h4 g5+ 51. Kg3 Bd5 52. e4 fxe4 53. fxe4 Bxe4 54. hxg5+ hxg5 55. Kg4 Kg6 56. Kg3 Kf5 57. Kf2 Kf4 58. Kg1 Kf3 0-1

[Event "EU-ch U18 Girls 27th"]
[Site "Mamaia"]
[Date "2017.09.11"]
[Round "6"]
[White "Nass, Sara"]
[Black "Waardenburg, Feline"]
[Result "1-0"]
[WhiteElo "1804"]
[BlackElo "1732"]
[PlyCount "73"]
[EventDate "2017.09.05"]
[EventType "swiss"]
[EventRounds "9"]
[EventCountry "ROU"]
[SourceTitle "CBM 180 Extra"]
[Source "ChessBase"]
[SourceDate "2017.10.06"]
[SourceVersion "1"]
[SourceVersionDate "2017.10.06"]
[SourceQuality "1"]

1. e4 c6 2. d4 d5 3. Nc3 dxe4 4. Nxe4 Bf5 5. Ng3 Bg6 6. Nf3 Nd7 7. h4 h6 8. h5 Bh7 9. Bd3 Bxd3 10. Qxd3 e6 11. Bf4 Qa5+ 12. Bd2 Qc7 13. 0-0-0 0-0-0 14. Qe2 Ngf6 15. Kb1 Bd6 16. Ne4 Nxe4 17. Qxe4 Nf6 18. Qe2 Rhe8 19. c4 c5 20. Bc3 cxd4 21. Nxd4 a6 22. Nb3 b6 23. c5 Bxc5 24. Nxc5 bxc5 25. Qxa6+ Qb7 26. Qc4 Rd5 27. Bxf6 gxf6 28. Qf4 Rf5 29. Qxh6 Rxf2 30. Qc1 Qe4+ 31. Ka1 Rc2 32. Qb1 Qxg2 33. h6 Kc7 34. h7 Rh8 35. Rdg1 Qe4 36. Rh2 Rc4 37. Rg8 1-0

[Event "EU-ch U18 Girls 27th"]
[Site "Mamaia"]
[Date "2017.09.09"]
[Round "5"]
[White "Hrescak, Ivana"]
[Black "Nass, Sara"]
[Result "1-0"]
[WhiteElo "2034"]
[BlackElo "1804"]
[PlyCount "95"]
[EventDate "2017.09.05"]
[EventType "swiss"]
[EventRounds "9"]
[EventCountry "ROU"]
[SourceTitle "EXT 2018"]
[Source "ChessBase"]
[SourceDate "2017.10.13"]
[SourceVersion "1"]
[SourceVersionDate "2017.10.13"]
[SourceQuality "1"]

1. d4 Nf6 2. c4 g6 3. Nc3 Bg7 4. e4 d6 5. f3 0-0 6. Be3 c5 7. Nge2 cxd4 8. Nxd4 Nc6 9. Qd2 Bd7 10. Be2 Nxd4 11. Bxd4 Bc6 12. 0-0 a5 13. Kh1 Nd7 14. Bxg7 Kxg7 15. Rab1 Nc5 16. b3 e6 17. Rfd1 Qf6 18. Qxd6 Qxc3 19. Qxc5 Rfd8 20. Bf1 Qc2 21. Qe5+ Kg8 22. Qa1 a4 23. b4 a3 24. b5 Be8 25. Kg1 Rxd1 26. Rxd1 Qb2 27. Rb1 Qc2 28. Rb3 Rd8 29. Rc3 Qa4 30. Qc1 Ra8 31. e5 Kg7 32. Be2 Qb4 33. Rb3 Qc5+ 34. Qe3 Qc7 35. f4 Qa5 36. Kf2 b6 37. Bf3 Ra7 38. Qe1 Qa4 39. Qb4 f6 40. h4 fxe5 41. fxe5 Qxb4 42. Rxb4 g5 43. h5 Bf7 44. Ke3 Bg8 45. Rb3 Rc7 46. Bc6 g4 47. Rxa3 Bf7 48. Ra6 1-0

[Event "NOR-ch U20"]
[Site "Stavanger"]
[Date "2017.07.03"]
[Round "4"]
[White "Nass, Sara"]
[Black "Greibrokk, Ingrid Andrea"]
[Result "0-1"]
[WhiteElo "1786"]
[BlackElo "1868"]
[PlyCount "44"]
[EventDate "2017.07.01"]
[EventType "swiss"]
[EventRounds "9"]
[EventCountry "NOR"]
[SourceTitle "EXT 2018"]
[Source "ChessBase"]
[SourceDate "2017.10.13"]
[SourceVersion "1"]
[SourceVersionDate "2017.10.13"]
[SourceQuality "1"]

1. e4 e5 2. Nf3 Nc6 3. Bb5 Nge7 4. 0-0 g6 5. d4 exd4 6. Nxd4 Bg7 7. c3 0-0 8. f4 Nxd4 9. cxd4 c6 10. Ba4 Qb6 11. e5 Nf5 12. Kh1 Qxd4 13. g4 Qe4+ 14. Qf3 Qxf3+ 15. Rxf3 Nh6 16. h3 b5 17. Bc2 Bb7 18. Kh2 f6 19. exf6 Bxf6 20. Rd3 d5 21. Nc3 Rae8 22. a3 d4 0-1

[Event "Oslo Sveins op 10th"]
[Site "Oslo"]
[Date "2017.06.25"]
[Round "4"]
[White "Tenold, Andreas"]
[Black "Nass, Sara"]
[Result "1-0"]
[WhiteElo "1705"]
[BlackElo "1795"]
[PlyCount "69"]
[EventDate "2017.06.23"]
[EventType "swiss"]
[EventRounds "9"]
[EventCountry "NOR"]
[SourceTitle "CBM 179 Extra"]
[Source "ChessBase"]
[SourceDate "2017.08.23"]
[SourceVersion "1"]
[SourceVersionDate "2017.08.23"]
[SourceQuality "1"]

1. c4 Nf6 2. Nf3 g6 3. Nc3 Bg7 4. d4 0-0 5. e3 d6 6. Be2 c5 7. 0-0 Nc6 8. b3 a6 9. Bb2 Bd7 10. Qd2 Qc7 11. Rfd1 Rfd8 12. Rac1 Na7 13. Nd5 Nxd5 14. cxd5 Rac8 15. b4 Ba4 16. Re1 Qd7 17. dxc5 dxc5 18. Bxg7 Kxg7 19. Rxc5 Rxc5 20. Qd4+ Kg8 21. Qxc5 b5 22. Ne5 Qxd5 23. Qxe7 Nc8 24. Qh4 Rf8 25. Ng4 Qd2 26. Kf1 f5 27. Ne5 f4 28. exf4 Qxf4 29. Bg4 Kg7 30. Nd3 Qd4 31. Qg3 Nd6 32. Nc5 Kh8 33. Ne6 Qc4+ 34. Kg1 Nf5 35. Qe5+ 1-0

[Event "Fagernes TV2 Elo op"]
[Site "Fagernes"]
[Date "2017.04.12"]
[Round "5"]
[White "Melaa, Sondre Lillestol"]
[Black "Nass, Sara"]
[Result "0-1"]
[WhiteElo "1708"]
[BlackElo "1909"]
[PlyCount "128"]
[EventDate "2017.04.09"]
[EventType "swiss"]
[EventRounds "9"]
[EventCountry "NOR"]
[SourceTitle "CBM 177 Extra"]
[Source "ChessBase"]
[SourceDate "2017.04.27"]
[SourceVersion "1"]
[SourceVersionDate "2017.04.27"]
[SourceQuality "1"]

1. e4 c6 2. c4 d5 3. cxd5 cxd5 4. exd5 Nf6 5. Nc3 Nxd5 6. Bc4 Nb6 7. Bb3 e6 8. Nf3 Be7 9. 0-0 0-0 10. d4 Bf6 11. Bf4 Bd7 12. Ne5 Bc6 13. Nxc6 Nxc6 14. d5 exd5 15. Bxd5 Bxc3 16. Bxc6 bxc6 17. Qxd8 Rfxd8 18. bxc3 Rd3 19. Be5 Na4 20. Rfc1 f6 21. Bd4 c5 22. Be3 Nxc3 23. Rc2 c4 24. Rac1 Nd5 25. Rxc4 Nxe3 26. Rc8+ Rxc8 27. Rxc8+ Kf7 28. Rc7+ Kg6 29. fxe3 Rd1+ 30. Kf2 Rd2+ 31. Kf3 Rxa2 32. h3 h5 33. h4 Ra1 34. Kg3 Ra4 35. Kf3 a6 36. Rc6 Ra5 37. Kg3 Kf5 38. Kf3 g6 39. Rc8 Rb5 40. Re8 Rb3 41. Rc8 Rb6 42. Re8 Re6 43. Rc8 Ke5 44. Rg8 f5 45. Ke2 Kd5 46. Kd3 Kc5 47. Rb8 a5 48. g3 Rb6 49. Re8 Rb3+ 50. Kc2 a4 51. Re6 Rb6 52. Re5+ Kb4 53. e4 Rc6+ 54. Kb2 a3+ 55. Ka2 Rc2+ 56. Kb1 Re2 57. Re6 fxe4 58. Rxg6 Rb2+ 59. Kc1 e3 60. Re6 e2 61. Re3 Ka4 62. Re8 Kb3 63. Rb8+ Ka2 64. Re8 Rb1+ 0-1

[Event "Fagernes TV2 Elo op"]
[Site "Fagernes"]
[Date "2017.04.11"]
[Round "3"]
[White "Lindbol, Aleksander"]
[Black "Nass, Sara"]
[Result "1-0"]
[WhiteElo "1971"]
[BlackElo "1909"]
[PlyCount "55"]
[EventDate "2017.04.09"]
[EventType "swiss"]
[EventRounds "9"]
[EventCountry "NOR"]
[SourceTitle "CBM 177 Extra"]
[Source "ChessBase"]
[SourceDate "2017.04.27"]
[SourceVersion "1"]
[SourceVersionDate "2017.04.27"]
[SourceQuality "1"]

1. c4 Nf6 2. Nf3 g6 3. Nc3 Bg7 4. d4 0-0 5. e3 d6 6. Be2 c5 7. 0-0 Nc6 8. b3 a6 9. Bb2 Bd7 10. Qd2 Rb8 11. Rfd1 Qc7 12. Rac1 Na5 13. dxc5 dxc5 14. Nd5 Nxd5 15. Bxg7 Kxg7 16. cxd5 b6 17. b4 Nb7 18. Bxa6 Ba4 19. Re1 Qd6 20. e4 cxb4 21. e5 Qd7 22. e6 fxe6 23. Bxb7 Rxb7 24. Nd4 Kg8 25. Nxe6 Rf6 26. Qxb4 Qxd5 27. Rc8+ Kf7 28. Rf8# 1-0

[Event "NOR-ch U16"]
[Site "Bergen"]
[Date "2015.11.??"]
[Round "2"]
[White "Haldorsen, Benjamin"]
[Black "Nass, Sara"]
[Result "1-0"]
[WhiteElo "2228"]
[BlackElo "1571"]
[PlyCount "33"]
[EventDate "2015.11.13"]
[EventType "swiss"]
[EventRounds "6"]
[EventCountry "NOR"]
[SourceTitle "EXT 2024"]
[Source "ChessBase"]
[SourceDate "2023.10.10"]
[SourceVersion "1"]
[SourceVersionDate "2023.10.10"]
[SourceQuality "1"]

1. e4 c5 2. Nf3 Nc6 3. d4 cxd4 4. Nxd4 Nf6 5. Nc3 e5 6. Ndb5 h6 7. Be3 d6 8. Nd5 Nxd5 9. exd5 Ne7 10. c4 a6 11. Qa4 axb5 12. Qxa8 bxc4 13. Bxc4 Nf5 14. 0-0 Be7 15. Bb6 Qxb6 16. Qxc8+ Bd8 17. Qxf5 1-0